000
00337 a2200157 4500
001
45528
020
_a
9788575037584
040
_c
Anchieta - Aquarius
100
_a
Ventura, Antonio
240
1
0
_a
Quando vem a lua
_l
por
245
1
0
_a
Quando vem a lua
300
_a
362
0
_a
2009
650
4
_a
Literatura infantil
942
_c
BK
999
_c
45528
_d
45528